Environmental activism and world civic politics

Αποθηκεύτηκε σε:
Λεπτομέρειες βιβλιογραφικής εγγραφής
Κύριος συγγραφέας: Wapner, Paul Kevin
Μορφή: Βιβλίο
Γλώσσα:English
Δημοσίευση: Albany : State University of New York Press, 1996
Σειρά:SUNY series in international environmental policy and theory
Θέματα:
Ετικέτες: Προσθήκη ετικέτας
Δεν υπάρχουν, Καταχωρήστε ετικέτα πρώτοι!

MARC

LEADER 00000nam a2200000 i 4500
001 1/90397
008 080702s1996 eng d
020 |a 0-7914-2790-0 
035 |l 10098666 
040 |a GR-MY-UA  |b gre  |e aacr 
041 0 |a eng 
082 0 |a 363.7057  |2 (22) 
100 1 |a Wapner, Paul Kevin. 
245 1 0 |a Environmental activism and world civic politics /  |c Paul Kevin Wapner 
260 |a Albany :   |b State University of New York Press,   |c 1996 
300 |a x, 238 σ.;  |c 23 εκ. 
490 1 |a SUNY series in international environmental policy and theory 
504 |a Βιβλιογραφία: σ. 205-232 
504 |a Ευρετήριο: σ. 233-238 
650 0 0 |a Environmentalism. 
650 0 0 |a Non-governmental organizations  |x Political activity. 
830 0 |a SUNY series in international environmental policy and theory 
852 |a INST  |b LESVOS  |e 20080702  |h 363.7057 WAP  |p 005100042681  |q 005100042681  |t BK  |y 0 
901 |a BIBL1-2008-2 
909 |a Λ  |b 152145 
922 |a 1ΕΛΗ  |b 200803  |c ΕΠΕΑΕΚ2/ΤΠ  |d ΕΛΕΥΘΕΡΟΥΔΑΚΗΣ 
970 |a ΧΑΤΖΗΜΙΧΑΗΛ  |b ΜΑΡΙΑ  |z 2008/07/02